00214nam a22000857a 4500082001800000100001800018245005500036260002800091300000900119 a684.08 HAY'S  aHAYCOCK, A. H aSPINDLE MOULDING PRINCIPLES OF MACHINE WOODWORKING aLONDONbTECHNICALc1952 a124P